LEADER 01026cam0-2200337---450- 001 990005683860403321 005 20140905100509.0 010 $a3-487-06169-4 035 $a000568386 035 $aFED01000568386 035 $a(Aleph)000568386FED01 035 $a000568386 100 $a19990604e19771898km-y0itay50------ba 101 0 $ager 102 $aDE 105 $a--------001yy 200 1 $a<>Übergang vom Mittelhochdeutschen zum Neuhochdeutschen$eIn der Sprache der Breslauer Kanzlei$fBruno Arndt 205 $aRist. facs. 210 $aHildsesheim ; New York$cOlms$d1977 215 $a118 p.$d18 cm 225 1 $aGermanistiche Abhandlungen$v15 324 $aRist. facs. dell'ed.: Breslau, 1898 676 $a437.02 700 1$aArndt,$bBruno$0218373 801 0$aIT$bUNINA$gRICA$2UNIMARC 901 $aBK 912 $a990005683860403321 952 $a437.02 ARN 1$bDip.f.m.2814$fFLFBC 959 $aFLFBC 996 $aÜbergang vom Mittelhochdeutschen zum Neuhochdeutschen$9602309 997 $aUNINA LEADER 03968nam 22006495 450 001 9910337667503321 005 20250609111350.0 010 $a9783030141677 010 $a3030141675 024 7 $a10.1007/978-3-030-14167-7 035 $a(CKB)4100000008403453 035 $a(MiAaPQ)EBC5786642 035 $a(DE-He213)978-3-030-14167-7 035 $a(Perlego)3493274 035 $a(MiAaPQ)EBC5917944 035 $a(EXLCZ)994100000008403453 100 $a20190607d2019 u| 0 101 0 $aeng 135 $aurcnu|||||||| 181 $ctxt$2rdacontent 182 $cc$2rdamedia 183 $acr$2rdacarrier 200 14$aThe Feeling of Embodiment $eA Case Study in Explaining Consciousness /$fby Glenn Carruthers 205 $a1st ed. 2019. 210 1$aCham :$cSpringer Nature Switzerland :$cImprint: Springer,$d2019. 215 $a1 online resource (195 pages) 311 08$a9783030141660 311 08$a3030141667 327 $aChapter 1: The Real Problem of Consciousness -- Chapter 2: The Feeling of Embodiment: Our Target of Explanation -- Chapter 3: Off-line and On-line body representations -- Chapter 4: Explaining the feeling of embodiment: The feeling of embodiment occurs when an on-line body representation is matched to an off-line prototype -- Chapter 5: And then what happens? -- Chapter 6: Implications of the Real Problem of Consciousness for the sense of Embodiment: We need a hybrid account of consciousness -- Chapter 7: Completing the Hybrid Account: Awareness is a Functionally Emergent Kind -- Chapter 8: Conclusion. 330 $aThis book proposes a novel and rigorous explanation of consciousness. It argues that the study of an aspect of our self-consciousness known as the ?feeling of embodiment? teaches us that there are two distinct phenomena to be targeted by an explanation of consciousness. First is an explanation of the phenomenal qualities ? 'what it is like' ? of the experience; and second is the subject's awareness of those qualities. Glenn Carruthers explores the phenomenal qualities of the feeling of embodiment using the tools of quality spaces, as well as the subject's awareness of those qualities as a functionally emergent property of various kinds of processing of these spaces. Where much recent work on consciousness focuses on visual experience, this book rather draws evidence from the study of self-consciousness. Carruthers argues that in light of recent methodological discoveries, awareness must be explained in terms of the organization of multiple cognitive processes. The book offers an explanation of anomalous body representations and, from that, poses a more general theory of consciousness. Ultimately this book creates a hybrid account of consciousness that explains phenomenology and awareness using different tools. It will be of great interest to all scholars of psychology and philosophy as well as anyone interested in exploring the intricacies of how we experience our bodies, what we are and how we fit into the world. . 606 $aPhilosophy of mind 606 $aSelf 606 $aPhenomenology 606 $aPsychology 606 $aCognitive psychology 606 $aPhilosophy of the Self 606 $aPhenomenology 606 $aBehavioral Sciences and Psychology 606 $aPhilosophy of Mind 606 $aCognitive Psychology 615 0$aPhilosophy of mind. 615 0$aSelf. 615 0$aPhenomenology. 615 0$aPsychology. 615 0$aCognitive psychology. 615 14$aPhilosophy of the Self. 615 24$aPhenomenology. 615 24$aBehavioral Sciences and Psychology. 615 24$aPhilosophy of Mind. 615 24$aCognitive Psychology. 676 $a153 676 $a128.2 700 $aCarruthers$b Glenn$4aut$4http://id.loc.gov/vocabulary/relators/aut$01046534 906 $aBOOK 912 $a9910337667503321 996 $aThe Feeling of Embodiment$92473500 997 $aUNINA